=LDR 00000nam 2200000 4500 =001 NUTBA000000000002805 =005 20140630113259.0 =006 =007 =008 =035 ##$$a 0010-061400000000748 =040 ##$$a NBPDMAT =082 ##$$a Oho Garha =084 ##$$a 746.41 =090 ##$$a 746.41 $b Oho a =100 ##$$a Oho Garha =245 ##$$a Oho Garha =260 ##$$a Bandung : $b Angkasa, $c 2001 =300 ##$$a vii, 102 hlm. : $b ilus. ; 21 cm. =650 ##$$a Anyaman hias =990 ##$$a 21403722 =990 ##$$a 0001/BPAP-NTB/20142014